Catálogo

Mindfulness in positive psychology : (Registro nro. 67226)

Detalles MARC
000 -LEADER
fixed length control field 00845nam a2200265 u 4500
001 - CONTROL NUMBER
control field 67226
005 - DATE AND TIME OF LATEST TRANSACTION
control field 20211108084849.0
008 - FIXED-LENGTH DATA ELEMENTS--GENERAL INFORMATION
fixed length control field 170421s2016 xxu r 000 0 eng d
020 ## - INTERNATIONAL STANDARD BOOK NUMBER
International Standard Book Number 9781138808515
040 ## - CATALOGING SOURCE
Description conventions rda
041 0# - LANGUAGE CODE
Language code of text/sound track or separate title eng
082 0# - DEWEY DECIMAL CLASSIFICATION NUMBER
Classification number 150.1988
Item number IVT
100 1# - MAIN ENTRY--PERSONAL NAME
Personal name Ivtzan, Itai,
Relator term editor
9 (RLIN) 4275
245 10 - TITLE STATEMENT
Title Mindfulness in positive psychology :
Remainder of title the science of meditation and wellbeing /
Statement of responsibility, etc. Itai Ivtzan and Tim Lomas.
250 ## - EDITION STATEMENT
Edition statement First edition
264 #1 - PRODUCTION, PUBLICATION, DISTRIBUTION, MANUFACTURE, AND COPYRIGHT NOTICE
Place of production, publication, distribution, manufacture United States of America :
Name of producer, publisher, distributor, manufacturer Routledge,
Date of production, publication, distribution, manufacture, or copyright notice 2016
300 ## - PHYSICAL DESCRIPTION
Extent ix, 348 páginas ;
Dimensions 24 cm.
336 ## - CONTENT TYPE
Content type term texto
Source rdacontent
Content type code txt
337 ## - MEDIA TYPE
Media type term sin medio
Source rdamedia
Media type code n
338 ## - CARRIER TYPE
Carrier type term volumen
Source rdacarrier
Carrier type code nc
650 #4 - SUBJECT ADDED ENTRY--TOPICAL TERM
Topical term or geographic name entry element Psicología positiva
650 #4 - SUBJECT ADDED ENTRY--TOPICAL TERM
Topical term or geographic name entry element Atención plena (Psicología)
650 #4 - SUBJECT ADDED ENTRY--TOPICAL TERM
Topical term or geographic name entry element Meditación
942 ## - ADDED ENTRY ELEMENTS (KOHA)
Classification part 150.1988
Item part IVT
Koha item type Libro
Existencias
Withdrawn status Lost status Source of classification or shelving scheme Damaged status Not for loan Collection code Home library Current library Shelving location Date acquired Source of acquisition Total Checkouts Full call number Barcode Checked out Date last seen Date last checked out Price effective from Koha item type
    Dewey Decimal Classification     Magisterial Biblioteca Karol Wojtyla Biblioteca Karol Wojtyla Módulo de circulación 04/05/2017 Compra 1 150.1988 IVT 2016 97571 17/05/2017 17/05/2017 17/05/2017 04/05/2017 Magisterial